| 000 | 01011nam a22002651u 4500 | ||
|---|---|---|---|
| 001 | 12271 | ||
| 003 | HDC | ||
| 007 | cr bn --- | ||
| 008 | 210209p2003 my eng | ||
| 040 | _aHDC | ||
| 100 |
_aZainudin Haji Meon, _eauthor _912781 |
||
| 245 | 0 |
_aResponse of starfruit shoot and root to varying rooting volumes / _cby Zainudin Haji Meon, Izham Ahmad, Wong Kai Choo and Wan Mohamad Wan Othman |
|
| 260 |
_aSerdang : _bMalaysian Agricultural Research and Development Institute (MARDI), _c2003 |
||
| 300 | _a2 pages | ||
| 336 |
_atext _2rdacontent |
||
| 337 |
_acomputer _2rdamedia |
||
| 338 |
_aonline resource _2rdacarrier |
||
| 650 |
_aFirst-order root laterals _912783 |
||
| 650 |
_aLeaf nutrient concentrations _912782 |
||
| 650 |
_aStarfruit _912585 |
||
| 856 | _zRequest full-text at [email protected] | ||
| 942 | _2lcc | ||
| 942 | _cAR | ||
| 942 | _kJART 003064 | ||
| 999 |
_c9594 _d9594 |
||